000 01149nam a2200349 a 4500
999 _c142196
_d142196
001 vtls000654285
003 PNM
005 20180728150238.0
008 110905t20122012my a g | 000 0 may
015 _aM13-02271
020 _a9789673910625
_cRM112.00
_qhardback
039 9 _a201306181516
_bmanoriah
_c201302271045
_dzuraidahm
_c201302071516
_drasidah
_c201209101438
_dmanoriah
040 _aBNM
_cPNM
_beng
_dPPAK
_erda
049 _aklpmal
082 0 4 _a362.2
_223
090 0 0 _a362.2
_bALI
_dG
100 0 _aAlia Hanisa,
_d1985-
_eauthor
245 1 0 _aKONFLIK DALAMAN :
_bNYAWA SENDIRI MENJADI KORBAN
_pJilid 4 /
_cAlia Hanisa
264 _aSeri Kembangan, Selangor :
_bPenerbitan Premier,
_c2012
264 4 _c© 2012
300 _aiv, 44 pages :
_bcolour illustrations ;
_c30 cm
336 _2rdacontent
_atext
337 _2rdamedia
_aunmediated
338 _2rdacarrier
_avolume
490 1 _aSIRI KESEDARAN KESIHATAN MENTAL
500 _aJilid 4
504 _aIncludes bibliographical references : pages 44.
650 1 0 _aMental health
650 2 0 _aMental illness
830 0 _aSiri kesedaran kesihatan mental
942 _2ddc
_cB